| 000 | 00508nam a2200145Ia 4500 | ||
|---|---|---|---|
| 008 | 140724s9999 xx 000 0 und d | ||
| 050 |
_aRF 290 _b.Ao638 2013 |
||
| 100 | _aAoki, Joan. | ||
| 245 |
_aInfluence of parental choice in the language development of children with hearing impairment / _cJoan Aoki |
||
| 260 |
_aLas PiƱas, Philippines : _bSouthville International School and Colleges, _cc2013. |
||
| 300 |
_a70 p. : _bill. ; _c28 cm. |
||
| 521 | _aSpecial Education | ||
| 942 | _cTH | ||
| 999 |
_c229361 _d229361 |
||